00573cam a22001577a 4500008004000000082001100040245013400051260003400185300001000219650002000229650002000249700002400269700002100293999001900314952008200333180718b1974 xxu||||| |||| 00| 0 eng d aL Sm86 aPublic finance and stabilization policy: essays in honor of Richard A. Masgravecedited by Warren L. Smith and John M. Culbertson aAmsterdambNoth-Hollandc1974 a368p. aEconomic policy aFinance, Public aCulbertson, Cohn M. aSmith, Warren L. c354768d354768 00104070aIIPAbIIPAd1993-12-14oL Sm86p50457r2018-07-21w2018-07-21yBK